00713nam a2200241 a 450000100060000000300080000600500170001400800410003102000150007202000220008703500190010904000220012804100080015008200260015824500700018426000320025430000260028650400510031265000240036365000290038770000290041670000260044558346BD-RjUL20211209080618.0161218s2001 enk 001 0 eng d a1853838330 a1853838349 (pbk.) a(BD-RjUL)58470 aBDSbengcBD-RjUL aeng0 a323.042223bGLO 200100aGlobal citizen action /cedited by Michael Edwards, John Gaventa. aLondon :bEarthscan,c2001. avii, 328 p. ;c24 cm. aIncludes bibliographical references and index. 0aCivil participation 0aPolitical participation.1 aEdwards, Michael,d1957-1 aGaventa, John,d1949-